000 00648nam a2200229Ia 4500
003 OSt
005 20221005045424.0
006 a|||||r|||| 00| 0
007 ta
008 221004b |||||||| |||| 00| 0 mal d
024 _a56785
037 _cTextual
040 _aCRL
_cCRL
_bmal
041 _2mal
_amal
082 _aO32,3N15,22, K6
100 _aVarkkey Mattathu Au.
_9593577
245 0 _aMadhura swapnam
260 _aKerala
_bThe vidyarthi mithram press & book depot India
_c1966
650 _aMALAYALAM FICTION
_9183428
942 _hO32,3N15,22, K6
_cTEXL
_2cc
999 _c955001
_d955001